Afrojack Charting Songs (Billboard Hot Dance) - Statistics

General Stats
  • This quiz has been taken 19 times
    4 since last reset
  • The average score is 6 of 23
Answer Stats
Album Weeks On Peak Artist(s) Song % Correct
Non-Album Single 18 Weeks #24 Fais ft. Afrojack Hey
100%
Listen 55 Weeks #1 (11 Weeks) David Guetta ft. Nicki Minaj, Bebe Rexha & Afrojack Hey Mama
100%
Non-Album Single 20 Weeks #13 David Guetta & Afrojack ft. Charli XCX & French Montana Dirty Sexy Money
75%
Forget the World 20 Weeks #8 Afrojack ft. Chris Brown As Your Friend
50%
Non-Album Single 3 Weeks #36 Afrojack ft. Ally Brooke All Night
25%
Non-Album Single 5 Weeks #35 Afrojack & David Guetta ft. Ester Dean Another Life
25%
Non-Album Single 7 Weeks #22 Afrojack & David Guetta Hero
25%
Non-Album Single 10 Weeks #24 VASSY & Afrojack ft. Oliver Rosa Lost
25%
Non-Album Single 1 Week #12 Afrojack, Martin Garrix, David Guetta & Amel Our Time
25%
Non-Album Single 4 Weeks #36 Chico Rose ft. Afrojack Sad
25%
Non-Album Single 2 Weeks #38 Timmy Trumpet & Afrojack Stay Mine
25%
Non-Album Single 20 Weeks #8 Afrojack ft. Mike Taylor Summerthing!
25%
Non-Album Single 1 Week #26 David Guetta, Afrojack, Missy Elliott, BIA & Deochii Trampoline
25%
Non-Album Single 10 Weeks #20 Afrojack & Martin Garrix Turn Up the Speakers
25%
Non-Album Single 1 Week #44 Afrojack & R3HAB ft. Au/Ra Worlds on Fire
25%
Non-Album Single 5 Weeks #36 Pitbull, Ne-Yo & Afrojack ft. DJ Buddha 2 the Moon
0%
Non-Album Single 1 Week #31 Afrojack Air Guitar
0%
Non-Album Single 1 Week #43 Afrojack & Chico Rose ft. Jeremih Cloud 9
0%
Forget the World (Deluxe Edition) 13 Weeks #33 Afrojack & Thirty Seconds to Mars Do or Die
0%
PERO NO TE ENAMORES 1 Week #30 Fuerza Regida & Afrojack FVCK
0%
Non-Album Single 20 Weeks #17 Afrojack ft. Ty Dolla $ign Gone
0%
Forget the World 26 Weeks #9 Afrojack ft. Wrabel Ten Feet Tall
0%
Forget the World 18 Weeks #21 Afrojack ft. Spree Wilson The Spark
0%
No matching quizzes found
Score Distribution
Percent of People with Each Score
Percentile by Number Answered
Your Score History
You have not taken this quiz since the last reset